Firemná filantropia na Slovensku analýza, názory, prípadové štúdie
Enregistré dans:
| Autres auteurs: | , |
|---|---|
| Format: | Livre |
| Langue: | slovaque |
| Publié: |
Bratislava
IVO - Inštitút pre verejné otázky
2004
|
| Collection: | Štúdie a názory
|
| Sujets: | |
| Tags: |
Pas de tags, Soyez le premier à ajouter un tag!
|
MARC
| LEADER | 00000nam a2200000 4500 | ||
|---|---|---|---|
| 001 | 0125569 | ||
| 005 | 20240104095008.3 | ||
| 020 | |a 80-88935-62-8 | ||
| 041 | 0 | |a slo | |
| 044 | |a SK | ||
| 245 | 1 | 0 | |a Firemná filantropia na Slovensku |b analýza, názory, prípadové štúdie |c Jozef Majchrák, Lýdia Marošiová, editori |
| 264 | 1 | |a Bratislava |b IVO - Inštitút pre verejné otázky |c 2004 | |
| 300 | |a 111 s. | ||
| 490 | 1 | |a Štúdie a názory | |
| 830 | 0 | |a Štúdie a názory | |
| 610 | 2 | 0 | |a firmy |
| 610 | 2 | 0 | |a filantropia |
| 610 | 2 | 0 | |a dary |
| 610 | 2 | 0 | |a sponzorovanie |
| 610 | 2 | 0 | |a pomoc finančná |
| 610 | 2 | 0 | |a pomoc sociálna |
| 610 | 2 | 0 | |a výdavky na potreby sociálne |
| 610 | 2 | 0 | |a Slovensko |
| 700 | 1 | |a Majchrák, Jozef | |
| 700 | 1 | |a Marošiová, Lýdia | |